000 00398nam a2200145Ia 4500
003 GCL
008 140319s9999 xx 000 0 eng d
040 _aGCL /
_cGCL
082 0 4 _a531.11
_bA D
100 1 _aAGARD, JOHN
245 1 0 _aDYNAMICS: THE GEOMETRY OF BEHAVIOR, 2nd ed /
_cAGARD, JOHN
260 _a[S.N] :
_bMACMILLAN PUBLISHING COMPANY ،
_c1992
650 0 4 _aBEHAVIOUR
942 _2ddc
_cBK
999 _c17281
_d17281